[Event "Nothing out of the ordinary"]
[Site "SchemingMind.com"]
[Date "2006.04.27"]
[Round "-"]
[White "knightrider"]
[Black "asperse"]
[Result "1/2-1/2"]
[WhiteCountry "USA"]
[BlackCountry "ENG"]
[WhiteElo "1364"]
[WhiteRD "65"]
[BlackElo "1306"]
[BlackRD "67"]
[GameID "48205"]

1. c4 Nf6 2. Nc3 g6 3. e4 e5 4. Nf3 Bg7 5. d4 exd4 6. Qxd4 O-O 7. Qd2 d6 8. h3 Nc6 9. Bd3 b6 10. O-O Bb7
11. Qe2 Ne5 12. Nd5 Bxd5 13. exd5 Nxd3 14. Qxd3 Qe7 15. Re1 Qd7 16. Bd2 Rae8 17. Re3 Rxe3 18. Bxe3 c6 19. Re1 cxd5 20. cxd5 Re8
21. b4 Nh5 22. g4 Nf6 23. Nh2 Qb7 24. Rd1 Re5 25. Nf3 Rxd5 26. Bd4 a5 27. b5 Qa8 28. Re1 a4= 29. Qc4 Nd7 30. Bxg7 Kxg7
31. Re7 Rd1+ 32. Ne1 Ne5 33. Qe2 Nf3+ 34. Kh1 Nxe1+ 35. Re4 Nf3+ 36. Qxd1 Qxe4 37. Kg2 Nd2+ 38. Kg1 Nf3+ 39. Kg2= Nh4+ 40. Kg3 Ng2=
1/2-1/2

[Event "Nothing out of the ordinary"]
[Site "SchemingMind.com"]
[Date "2006.04.26"]
[Round "-"]
[White "asperse"]
[Black "knightrider"]
[Result "1/2-1/2"]
[WhiteCountry "ENG"]
[BlackCountry "USA"]
[WhiteElo "1306"]
[WhiteRD "67"]
[BlackElo "1364"]
[BlackRD "65"]
[GameID "48206"]

1. c4 Nf6 2. Nc3 e5 3. d4 Nc6 4. d5 Ne7 5. e4 d6 6. Bg5 c5 7. Bxf6 gxf6 8. Nf3 Bh6 9. Be2 Bd7 10. O-O f5
11. exf5 Nxf5 12. Bd3 O-O 13. Bxf5 Bxf5 14. g3 e4 15. Nh4 Qf6 16. Nxf5 Qxf5 17. Nb5 e3 18. fxe3 Qe5 19. Kg2 Bxe3 20. Qg4+ Kh8
21. Nc7 Rg8 22. Qf3 Raf8 23. Rae1 Qxb2+ 24. Re2 Qb6 25. Rxe3 Qxc7 26. Qf6+ Rg7 27. Re7 Qd8 28. a4 Kg8 29. Rfe1= Rg6 30. Qh4 a5
31. R7e4 Qxh4 32. Rxh4= f5 33. Re7 Rf7 34. Re8+ Kg7 35. Rf4= Rg4 36. Rf2 f4 37. Rf3 h6=
1/2-1/2

[Event "Nothing out of the ordinary"]
[Site "SchemingMind.com"]
[Date "2006.04.28"]
[Round "-"]
[White "Scotty919"]
[Black "asperse"]
[Result "0-1"]
[WhiteCountry "ENG"]
[BlackCountry "ENG"]
[WhiteElo "1207"]
[WhiteRD "77"]
[BlackElo "1336"]
[BlackRD "66"]
[GameID "48337"]

1. c4 Nf6 2. Nc3 c5 3. e3 e5 4. Nf3 Nc6 5. g3 d5 6. cxd5 Nxd5 7. Bg2 Nxc3 8. bxc3 Be7 9. h4 e4 10. Ng5 O-O
11. Bxe4 Bxg5 12. hxg5 Qxg5 13. Bxh7+ Kh8 14. Be4+ Kg8 15. Rh5 Qf6 16. Rxc5 Bd7 17. Qb3 b6 18. Rh5 g6 19. Rh2 Be6 20. Qa3 Bf5
21. Bxf5 Qxf5 22. Qd6 Ne5 23. Bb2 Nf3+ 24. Kd1 Nxh2
0-1

[Event "Nothing out of the ordinary"]
[Site "SchemingMind.com"]
[Date "2006.04.27"]
[Round "-"]
[White "Scotty919"]
[Black "knightrider"]
[Result "0-1"]
[WhiteCountry "ENG"]
[BlackCountry "USA"]
[WhiteElo "1274"]
[WhiteRD "74"]
[BlackElo "1364"]
[BlackRD "65"]
[GameID "48338"]

1. c4 Nf6 2. Nc3 e5 3. e4 Bc5 4. f3 Nc6 5. Bd3 O-O 6. b3 d6 7. Bb2 Be6 8. Qe2 Nd4 9. Qf1 a6 10. Nge2 Nc6
11. O-O-O Nb4 12. Ng3 Bf2 13. Ba3 Bc5 14. Na4 Nxd3+ 15. Qxd3 Bxa3+ 16. Kb1 c5 17. Rhf1 b5 18. Nc3 b4 19. Nce2 g6 20. h3 Rb8
21. f4 d5 22. exd5 Bf5 23. Ne4 Nxe4 24. g4 Nf2 25. Qxf5 gxf5 26. Rxf2 exf4 27. Nxf4 Qf6 28. Kc2 Rbe8 29. Rf3 Qb2+ 30. Kd3 Qd4+
31. Kc2 Qe4+
0-1

[Event "Nothing out of the ordinary"]
[Site "SchemingMind.com"]
[Date "2006.04.27"]
[Round "-"]
[White "asperse"]
[Black "Scotty919"]
[Result "1-0"]
[WhiteCountry "ENG"]
[BlackCountry "ENG"]
[WhiteElo "1336"]
[WhiteRD "66"]
[BlackElo "1207"]
[BlackRD "77"]
[GameID "48339"]

1. c4 Nf6 2. Nc3 g6 3. d3 Bg7 4. Bd2 c6 5. Qb3 O-O 6. O-O-O e5 7. Kb1 Ng4 8. Nh3 d6 9. e4 Qh4 10. g3 Qf6
11. f4 exf4 12. gxf4 Re8 13. Be2 Nh6 14. Rhf1 Bxh3 15. Rg1 Nd7 16. Bf3 Qe7 17. Qxb7 Rec8 18. Qb3 Bxc3 19. Bxc3 Rcb8 20. Bb4 Nc5
21. Qc3 Rb7 22. Qd4 Rab8 23. a3 a6 24. Rd2
1-0

[Event "Nothing out of the ordinary"]
[Site "SchemingMind.com"]
[Date "2006.04.27"]
[Round "-"]
[White "knightrider"]
[Black "Scotty919"]
[Result "1-0"]
[WhiteCountry "USA"]
[BlackCountry "ENG"]
[WhiteElo "1364"]
[WhiteRD "65"]
[BlackElo "1274"]
[BlackRD "74"]
[GameID "48340"]

1. c4 Nf6 2. Nc3 g6 3. e4 Bg7 4. d4 O-O 5. Nf3 c6 6. d5 cxd5 7. cxd5 d6 8. Bd3 Bg4 9. Be2 Nbd7 10. O-O Qc7
11. Nb5 Qc5 12. Be3 Qc8 13. Rc1 Qd8 14. Nc3 Rc8 15. h3 Bxf3 16. Bxf3 b6 17. Nb5 Rxc1 18. Qxc1 a5 19. a3 h5 20. Bg5 Nh7
21. Bh4 Bf6 22. g3 Bxh4 23. gxh4 f5 24. exf5 Rxf5 25. Nd4 Rf6 26. Be4 Qf8 27. Ne6 Qf7 28. f4 Nhf8 29. Qc8 b5 30. Nc7 b4
31. Ne8 Rxf4 32. Rxf4 Qxf4 33. Qc2 Qe3+ 34. Kh1 Qxh3+ 35. Qh2 Qe3 36. Qg2 Ne5 37. axb4 axb4 38. Nc7 Nfd7 39. Bxg6 Nf3 40. Be4+ Kf8
41. Ne6+ Kf7 42. Qg7+ Ke8 43. Bg6#
1-0

[Event "Nothing out of the ordinary"]
[Site "SchemingMind.com"]
[Date "2006.05.01"]
[Round "-"]
[White "mart_r3000"]
[Black "asperse"]
[Result "1/2-1/2"]
[WhiteCountry "ENG"]
[BlackCountry "ENG"]
[WhiteElo "1260"]
[WhiteRD "61"]
[BlackElo "1306"]
[BlackRD "67"]
[GameID "48831"]

1. c4 Nf6 2. Nc3 e5 3. Nf3 Nc6 4. d4 exd4 5. Nxd4 Nxd4 6. Qxd4 b6 7. Qe3+ Be7 8. Qg5 h6 9. Qxg7 Rh7 10. Qg3 c6
11. e4 d5 12. exd5 cxd5 13. Nxd5 Nxd5 14. Qg8+ Kd7 15. Qxh7 Bb4+ 16. Bd2 Bxd2+ 17. Kd1 Bg5 18. Qxf7+ Kd6 19. Kc2 Nb4+ 20. Kb3 a5
21. Rd1+ Kc5 22. Rxd8 a4+ 23. Kc3 Nxa2+ 24. Kd3 Nc1+=
1/2-1/2

[Event "Nothing out of the ordinary"]
[Site "SchemingMind.com"]
[Date "2006.05.02"]
[Round "-"]
[White "mart_r3000"]
[Black "Scotty919"]
[Result "1-0"]
[WhiteCountry "ENG"]
[BlackCountry "ENG"]
[WhiteElo "1260"]
[WhiteRD "61"]
[BlackElo "1274"]
[BlackRD "74"]
[GameID "48832"]

1. c4 Nf6 2. Nc3 d5 3. cxd5 Nxd5 4. e4 Nxc3 5. bxc3 e5 6. Nf3 Bd6 7. d4 exd4 8. Qxd4 f6 9. Bc4 Bg4 10. Qd5 c6
11. Qf7#
1-0

[Event "Nothing out of the ordinary"]
[Site "SchemingMind.com"]
[Date "2006.05.01"]
[Round "-"]
[White "mart_r3000"]
[Black "knightrider"]
[Result "1-0"]
[WhiteCountry "ENG"]
[BlackCountry "USA"]
[WhiteElo "1260"]
[WhiteRD "61"]
[BlackElo "1364"]
[BlackRD "65"]
[GameID "48833"]

1. c4 Nf6 2. Nc3 g6 3. e4 d6 4. Nf3 e5 5. d4 Nc6 6. d5 Ne7 7. Qa4+ c6 8. Bg5 Bg7 9. O-O-O O-O 10. h3 a6
11. Qc2 b5 12. c5 Nh5 13. dxc6 h6 14. Bh4 Qc7 15. Nd5 Nxd5 16. exd5 Bf5 17. Bd3 dxc5 18. Qxc5 e4 19. Be2 exf3 20. Bxf3 Be5
21. g3 Nf6 22. d6 Qc8 23. Qxe5 Nd7 24. Qd4 g5 25. Rhg1 f6 26. Qd5+ Rf7 27. Bh5 Ne5 28. f4 Be6 29. Qe4 Rg7 30. f5 Bf7
31. Bxf7+ Kxf7 32. Qd5+ Kf8 33. Kb1 Nc4 34. d7 Rxd7 35. cxd7 Qd8 36. Qxa8
1-0

[Event "Nothing out of the ordinary"]
[Site "SchemingMind.com"]
[Date "2006.05.01"]
[Round "-"]
[White "asperse"]
[Black "mart_r3000"]
[Result "0-1"]
[WhiteCountry "ENG"]
[BlackCountry "ENG"]
[WhiteElo "1306"]
[WhiteRD "67"]
[BlackElo "1260"]
[BlackRD "61"]
[GameID "48834"]

1. c4 Nf6 2. Nc3 d5 3. cxd5 Nxd5 4. Nxd5 Qxd5 5. d3 e6 6. e4 Qd4 7. Nf3 Bb4+ 8. Bd2 Qb6 9. Ng5 O-O 10. Qh5 h6
11. Nf3 Nd7 12. Be2 Bxd2+ 13. Nxd2 Qxb2 14. Rb1 Qxa2 15. O-O Qxd2 16. Rfe1 Nf6 17. Qc5 Qf4 18. g3 Qd2 19. Qxc7 Qg5 20. Qc3 h5
21. f4 Qg6 22. e5 Nd5 23. Qd4 h4 24. g4 b6 25. Qe4 f5 26. h3 fxe4 27. dxe4 Nxf4 28. Kh2 Qxe4 29. Bb5 Qg2#
0-1

[Event "Nothing out of the ordinary"]
[Site "SchemingMind.com"]
[Date "2006.05.01"]
[Round "-"]
[White "Scotty919"]
[Black "mart_r3000"]
[Result "0-1"]
[WhiteCountry "ENG"]
[BlackCountry "ENG"]
[WhiteElo "1274"]
[WhiteRD "74"]
[BlackElo "1260"]
[BlackRD "61"]
[GameID "48835"]

1. c4 Nf6 2. Nc3 e5 3. e4 Nc6 4. Nf3 Bc5 5. a3 O-O 6. b4 Bd6 7. c5 Be7 8. b5 Nd4 9. Nxe5 Bxc5 10. d3 d6
11. Be3 Bg4 12. Nxg4 Nh5 13. Be2 c6 14. bxc6 bxc6 15. Na4 Qb8 16. Nxc5 dxc5 17. Ne5 Qxe5 18. Bxh5 Nc2+ 19. Qxc2 Qxa1+ 20. Bc1 Rab8
21. O-O Rb1 22. a4 Rd8 23. Be2 Re8 24. h3 f5 25. f3 Qd4+ 26. Kh1 Rb7 27. exf5 Rbe7 28. Bd1 Re1 29. Rxe1 Rxe1+ 30. Kh2 Qe5+
31. g3 h5 32. Qb3+ Kh7 33. Bb2 Qxf5 34. Qb7 Qf8 35. Bc2 Re7 36. Qxc6 Re2+ 37. Kg1 Qe7 38. h4 Re1+ 39. Kh2 Qe2+ 40. Kh3 Rh1#
0-1

[Event "Nothing out of the ordinary"]
[Site "SchemingMind.com"]
[Date "2006.05.01"]
[Round "-"]
[White "knightrider"]
[Black "mart_r3000"]
[Result "1-0"]
[WhiteCountry "USA"]
[BlackCountry "ENG"]
[WhiteElo "1364"]
[WhiteRD "65"]
[BlackElo "1260"]
[BlackRD "61"]
[GameID "48836"]

1. c4 Nf6 2. Nc3 c5 3. Nf3 Nc6 4. e3 d5 5. cxd5 Nb4 6. Bc4 Bf5 7. Ne5 Nc2+ 8. Kf1 Nxa1 9. Qa4+ Nd7 10. Nxd7 Bc2
11. Nf6#
1-0

[Event "Nothing out of the ordinary"]
[Site "SchemingMind.com"]
[Date "2006.05.04"]
[Round "-"]
[White "Dr_Pat"]
[Black "asperse"]
[Result "1-0"]
[WhiteCountry "USA"]
[BlackCountry "ENG"]
[WhiteElo "1469"]
[WhiteRD "51"]
[BlackElo "1314"]
[BlackRD "68"]
[GameID "49191"]

1. c4 Nf6 2. Nc3 e6 3. Nf3 d5 4. cxd5 exd5 5. d4 Bd6 6. Bg5 O-O 7. e3 h6 8. Bxf6 Qxf6 9. Nxd5 Qd8 10. Rc1 Na6
11. Bd3 c6 12. Nc3 Bb4 13. O-O Bxc3 14. Rxc3 Bg4 15. Be2 Qe7 16. h3 Bh5 17. Bxa6 bxa6 18. Rxc6 Qb7 19. Rc1 Qxb2 20. Qc2 Qb7
21. Ne5 Rac8 22. Qf5 Bg6 23. Nxg6 fxg6 24. Qxg6 Rf6 25. Rxc8+ Qxc8 26. Qb1 Qe8= 27. Rc1 Qh5= 28. Rc8+ Rf8 29. Rxf8+ Kxf8= 30. Qb8+ Kf7=
31. Qxa7+ Kg8 32. Qxa6 Qd1+ 33. Kh2 Qc2 34. d5 Qc7+ 35. d6 Qd7 36. Qc4+ Kf8 37. Qc7 Ke8 38. Qxd7+ Kxd7 39. a4 Kxd6 40. a5 Kc7
41. e4
1-0

[Event "Nothing out of the ordinary"]
[Site "SchemingMind.com"]
[Date "2006.05.04"]
[Round "-"]
[White "Dr_Pat"]
[Black "Scotty919"]
[Result "1-0"]
[WhiteCountry "USA"]
[BlackCountry "ENG"]
[WhiteElo "1440"]
[WhiteRD "47"]
[BlackElo "1207"]
[BlackRD "77"]
[GameID "49192"]

1. c4 Nf6 2. Nc3 e5 3. Nf3 Nc6 4. g3 d6 5. Bg2 Bg4 6. O-O Bxf3 7. Bxf3 g6 8. Qa4 Bg7 9. d3 O-O 10. Bxc6 bxc6
11. Qxc6 Rb8 12. e4 h5 13. Be3 Rxb2 14. Qa4 Rb7 15. Nd5 Nxd5 16. cxd5 f6 17. Rfb1 Rxb1+ 18. Rxb1 Qa8 19. Qxa7 Qxa7 20. Bxa7 Ra8
21. Rb7 Rc8 22. Rb8
1-0

[Event "Nothing out of the ordinary"]
[Site "SchemingMind.com"]
[Date "2006.05.04"]
[Round "-"]
[White "Dr_Pat"]
[Black "knightrider"]
[Result "1-0"]
[WhiteCountry "USA"]
[BlackCountry "USA"]
[WhiteElo "1409"]
[WhiteRD "54"]
[BlackElo "1364"]
[BlackRD "65"]
[GameID "49193"]

1. c4 Nf6 2. Nc3 e5 3. Nf3 Nc6 4. g3 d6 5. Bg2 d5 6. cxd5 Nxd5 7. Qb3 Be6 8. Qxb7 Ndb4 9. Qb5 a6 10. Qa4 Bd6
11. a3 Bd7 12. axb4 Nd4 13. Qd1 Bc6 14. e4 Qd7 15. O-O O-O 16. Ne2 Bxb4 17. d3 Ba4 18. Qxa4 Qd6 19. Nexd4 Bc5 20. Nf5 Qb6
21. Nxe5 Qe6 22. Nd7 g6 23. Nh6+ Kg7 24. Nxf8 Rxf8 25. Qxa6 c6 26. h3 Bd4 27. Ng4 Kg8 28. Ra4 Bg7 29. Bh6 Bxh6 30. Nxh6+ Kg7
31. Ng4 h5 32. Ne3 Qe8 33. Rc1 Qe6 34. Rxc6 Qd7 35. d4 Kg8 36. Rac4 Kg7 37. d5 f5 38. Rxg6+ Kf7 39. Nxf5 Ke8 40. Rc8+ Kf7
41. Rg7#
1-0

[Event "Nothing out of the ordinary"]
[Site "SchemingMind.com"]
[Date "2006.05.04"]
[Round "-"]
[White "Dr_Pat"]
[Black "mart_r3000"]
[Result "1-0"]
[WhiteCountry "USA"]
[BlackCountry "ENG"]
[WhiteElo "1409"]
[WhiteRD "54"]
[BlackElo "1260"]
[BlackRD "61"]
[GameID "49194"]

1. c4 Nf6 2. Nc3 Nc6 3. e4 e6 4. Nf3 d5 5. cxd5 exd5 6. e5 Ne4 7. Bb5 Bc5 8. O-O Bg4 9. h3 Bh5 10. Bxc6+ bxc6
11. Nxe4 dxe4 12. d4 exd3 13. Bg5 f6 14. exf6 gxf6 15. Re1+ Be7 16. Bxf6 Rf8 17. Rxe7+ Qxe7 18. Bxe7 Kxe7 19. Qxd3 Rg8 20. Re1+ Kf6
21. Qd4+ Kf7 22. Qf4+ Kg7 23. Re7+ Bf7 24. Qxf7+
1-0

[Event "Nothing out of the ordinary"]
[Site "SchemingMind.com"]
[Date "2006.05.04"]
[Round "-"]
[White "asperse"]
[Black "Dr_Pat"]
[Result "1-0"]
[WhiteCountry "ENG"]
[BlackCountry "USA"]
[WhiteElo "1306"]
[WhiteRD "67"]
[BlackElo "1409"]
[BlackRD "54"]
[GameID "49195"]

1. c4 Nf6 2. Nc3 e5 3. d4 exd4 4. Qxd4 Nc6 5. Qe3+ Be7 6. g3 O-O 7. Bg2 b6 8. Nf3 Ba6 9. b3 Nb4 10. Qd2 Re8
11. O-O Bb7 12. Nd4 Bxg2 13. Kxg2 d5 14. cxd5 Nbxd5 15. Nxd5 Nxd5 16. Nf5 Bb4 17. Qg5 Qxg5 18. Bxg5 Rxe2 19. Rad1 Nc3 20. Rc1 Nxa2
21. Rxc7 Rb2 22. Rd1 f6 23. Rxg7+ Kf8 24. Bxf6 Rd2 25. Rxd2 Bxd2 26. Be7+
1-0

[Event "Nothing out of the ordinary"]
[Site "SchemingMind.com"]
[Date "2006.05.04"]
[Round "-"]
[White "Scotty919"]
[Black "Dr_Pat"]
[Result "0-1"]
[WhiteCountry "ENG"]
[BlackCountry "USA"]
[WhiteElo "1207"]
[WhiteRD "77"]
[BlackElo "1440"]
[BlackRD "47"]
[GameID "49196"]

1. c4 Nf6 2. Nc3 e5 3. e4 Bb4 4. Qf3 O-O 5. Bd3 d6 6. a3 Bxc3 7. dxc3 Nbd7 8. Qg3 g6 9. Bh6 Re8 10. Nf3 Nc5
11. Qh4 Nxd3+ 12. Ke2 Nxb2 13. Nd2 b6 14. Rab1 Na4 15. f4 Nxc3+ 16. Kf1 Nxb1 17. Nxb1 Nxe4 18. Qe1 Nc5 19. Qf2 Ba6 20. Nd2 d5
21. Bg5 Qd7 22. fxe5 Nd3
0-1

[Event "Nothing out of the ordinary"]
[Site "SchemingMind.com"]
[Date "2006.05.04"]
[Round "-"]
[White "knightrider"]
[Black "Dr_Pat"]
[Result "0-1"]
[WhiteCountry "USA"]
[BlackCountry "USA"]
[WhiteElo "1364"]
[WhiteRD "65"]
[BlackElo "1409"]
[BlackRD "54"]
[GameID "49197"]

1. c4 Nf6 2. Nc3 e5 3. Nf3 Nc6 4. e4 Bb4 5. d3 O-O 6. a3 Bxc3+ 7. bxc3 Re8 8. Be2 a6 9. O-O b6 10. d4 Bb7
11. Nxe5 Nxe5 12. dxe5 Nxe4 13. Qd4 c5 14. Qd3 Rxe5 15. Bf3 Rb8 16. Bf4 Re6 17. Bxb8 Qxb8 18. Bg4 Rg6 19. Bf5 Rd6 20. Qe3 Rh6
21. Bxe4 Qxh2#
0-1

[Event "Nothing out of the ordinary"]
[Site "SchemingMind.com"]
[Date "2006.05.04"]
[Round "-"]
[White "mart_r3000"]
[Black "Dr_Pat"]
[Result "0-1"]
[WhiteCountry "ENG"]
[BlackCountry "USA"]
[WhiteElo "1260"]
[WhiteRD "61"]
[BlackElo "1409"]
[BlackRD "54"]
[GameID "49198"]

1. c4 Nf6 2. Nc3 e5 3. Nf3 Nc6 4. d4 exd4 5. Nxd4 Nxd4 6. Qxd4 b6 7. Qe3+ Be7 8. Qg5 O-O 9. Qg3 g6 10. Nb5 d6
11. Nd4 Ne4 12. Qe3 Bb7 13. Qh3 c5 14. Be3 cxd4 15. Bxd4 Bf6 16. Be3 Bxb2 17. Rb1 Bc3+ 18. Kd1 Bd2 19. Bd4 Bc3 20. Be3 Rc8
21. f3 d5 22. Kc2 Qe8 23. Qg4 Qa4+ 24. Kc1 Qxc4 25. fxe4 Bd4+ 26. Kd1 Qc2+ 27. Ke1 Qxb1+ 28. Kf2 Bxe3+ 29. Kxe3 Rc3+ 30. Kf4 Qxe4+
31. Kg5 Qxg4+ 32. Kxg4 d4 33. g3 Bxh1 34. h4 Re8 35. Kf4 Ra3 36. Bh3 Rxe2 37. Kg5 d3 38. Bf1 Bf3 39. Kf4 Bh5 40. g4 Rf2+
41. Kg5 Rxf1
0-1

[Event "Nothing out of the ordinary"]
[Site "SchemingMind.com"]
[Date "2006.05.11"]
[Round "-"]
[White "iain"]
[Black "asperse"]
[Result "1-0"]
[WhiteCountry "USA"]
[BlackCountry "ENG"]
[WhiteElo "1230"]
[WhiteRD "76"]
[BlackElo "1306"]
[BlackRD "67"]
[GameID "49696"]

1. c4 Nf6 2. Nc3 d5 3. b3 dxc4 4. bxc4 c5 5. Nf3 e6 6. e3 Bd6 7. d4 cxd4 8. Nxd4 e5 9. Ndb5 Bc7 10. Qxd8+ Bxd8
11. Nd6+ Ke7 12. Ba3 Kd7 13. Rd1 Kc7 14. Ncb5+ Kd7 15. Nxf7+ Ke6 16. Nxh8 Ba5+ 17. Ke2 Nc6 18. Rd6+ Ke7 19. Rxc6+ Kd7 20. Rd6+ Ke7
21. Ra6+ Kd7 22. Rxa5 b6 23. Rxa7+ Rxa7 24. Nxa7 Ng4 25. Nxc8 Kxc8 26. Nf7 h5 27. h3 Nf6 28. Kf3 e4+ 29. Kf4 g6 30. Nd6+ Kd7
31. Nxe4 Nxe4 32. Kxe4 b5 33. cxb5 g5 34. Bc4 g4 35. hxg4 hxg4 36. Rh7+ Ke8 37. b6 g3 38. b7 gxf2 39. b8=Q#
1-0

[Event "Nothing out of the ordinary"]
[Site "SchemingMind.com"]
[Date "2006.05.06"]
[Round "-"]
[White "iain"]
[Black "Scotty919"]
[Result "1-0"]
[WhiteCountry "USA"]
[BlackCountry "ENG"]
[WhiteElo "1376"]
[WhiteRD "56"]
[BlackElo "1207"]
[BlackRD "77"]
[GameID "49697"]

1. c4 Nf6 2. Nc3 d5 3. d3 Be6 4. Nf3 g6 5. e3 c6 6. Be2 dxc4 7. dxc4 Qxd1+ 8. Bxd1 Bxc4 9. Be2 Bxe2 10. Nxe2 Bg7
11. O-O O-O 12. Ned4 Nbd7 13. Rb1 c5 14. Nb5 a6 15. Nc3 Rfc8 16. Ng5 b5 17. e4 b4 18. Nd5 Nxd5 19. exd5 Ne5 20. Rd1 Rd8
21. Ne4 Rac8 22. b3 a5 23. a3 c4 24. axb4 axb4 25. bxc4 Rxc4 26. Ng5 h6 27. Nf3 Nxf3+ 28. gxf3
1-0

[Event "Nothing out of the ordinary"]
[Site "SchemingMind.com"]
[Date "2006.05.06"]
[Round "-"]
[White "iain"]
[Black "Dr_Pat"]
[Result "0-1"]
[WhiteCountry "USA"]
[BlackCountry "USA"]
[WhiteElo "1230"]
[WhiteRD "76"]
[BlackElo "1409"]
[BlackRD "54"]
[GameID "49698"]

1. c4 Nf6 2. Nc3 e6 3. Nf3 d5 4. e3 c5 5. d4 Nc6 6. b3 cxd4 7. Nxd4 Bd7 8. Bd3 Be7 9. O-O O-O 10. cxd5 exd5
11. Nf3 Rc8 12. Bb2 Re8 13. Nd4 Nxd4 14. exd4 Bb4 15. a3 Bxc3 16. Bxc3 Rxc3 17. Rc1 Rxc1 18. Qxc1 Qb8 19. g3 Bh3 20. Rd1 Qc8
21. Qf4 Qc3 22. Bb5 Qxb3 23. Rc1 Qxb5
0-1

[Event "Nothing out of the ordinary"]
[Site "SchemingMind.com"]
[Date "2006.05.07"]
[Round "-"]
[White "iain"]
[Black "knightrider"]
[Result "0-1"]
[WhiteCountry "USA"]
[BlackCountry "USA"]
[WhiteElo "1230"]
[WhiteRD "76"]
[BlackElo "1364"]
[BlackRD "65"]
[GameID "49699"]

1. c4 Nf6 2. Nc3 e6 3. Nf3 d5 4. e3 Bd6 5. cxd5 exd5 6. Be2 O-O 7. O-O c5 8. d4 a6 9. Na4 c4 10. b3 Nc6
11. bxc4 Nd7 12. cxd5 Ne7 13. Ne5 Nxe5 14. dxe5 Bxe5 15. Rb1 b5 16. Nc5 Nxd5 17. Bf3 Nc3 18. Qxd8 Rxd8 19. Rb3 Nd5 20. Rd3 Be6
21. Nxe6 fxe6 22. Bd2 Rac8 23. Ba5 Rd7 24. Rfd1 Bc7 25. Bxc7 Rcxc7 26. h3 a5 27. Bxd5 exd5 28. Rxd5 Rxd5 29. Rxd5 Rc1+ 30. Kh2 Rb1
31. Rd2 a4 32. a3 Ra1 33. Rd3 Ra2 34. Kg3 h6 35. Kf3 g6 36. g4 Kg7 37. Kg3 g5 38. f4 gxf4+ 39. exf4 Kf6 40. Rd6+ Kg7
41. Rd3 Kf6 42. h4 Ra1 43. h5 b4 44. axb4 a3 45. b5 a2 46. Ra3 Rg1+ 47. Kf2 a1=Q 48. Ra6+ Ke7 49. g5 Qd4+ 50. Kf3 Rf1+
51. Kg2 Qf2+ 52. Kh3 Rg1 53. Ra3 Qg2+
0-1

[Event "Nothing out of the ordinary"]
[Site "SchemingMind.com"]
[Date "2006.05.06"]
[Round "-"]
[White "iain"]
[Black "mart_r3000"]
[Result "0-1"]
[WhiteCountry "USA"]
[BlackCountry "ENG"]
[WhiteElo "1230"]
[WhiteRD "76"]
[BlackElo "1260"]
[BlackRD "61"]
[GameID "49700"]

1. c4 Nf6 2. Nc3 c5 3. Nf3 d5 4. b3 d4 5. Na4 Nbd7 6. e3 Ne4 7. exd4 cxd4 8. Bd3 Ndf6 9. O-O e6 10. Qe2 Nd6
11. Nxd4 Be7 12. Nc5 Qb6 13. Ba3 O-O 14. Nf3 Ng4 15. Ne4 Nf5 16. Bxe7 Re8 17. Bc5 Qc6 18. h3 b6 19. Nd4 Qc7 20. Bb4 Qh2#
0-1

[Event "Nothing out of the ordinary"]
[Site "SchemingMind.com"]
[Date "2006.05.06"]
[Round "-"]
[White "asperse"]
[Black "iain"]
[Result "0-1"]
[WhiteCountry "ENG"]
[BlackCountry "USA"]
[WhiteElo "1306"]
[WhiteRD "67"]
[BlackElo "1230"]
[BlackRD "76"]
[GameID "49701"]

1. c4 Nf6 2. Nc3 d6 3. d4 g6 4. e3 Bg7 5. Bd3 O-O 6. Nf3 Re8 7. O-O e5 8. dxe5 dxe5 9. e4 c6 10. b4 b6
11. Bg5 Nbd7 12. a4 Qc7 13. Bxf6 Nxf6 14. Rc1 a5 15. bxa5 Rxa5 16. h3 Ba6 17. Ng5 Rd8 18. Qe2 h6 19. Nf3 Nd7 20. Ra1= Nc5
21. Bc2 Ne6 22. Rab1= Nd4 23. Nxd4 Rxd4 24. Bb3 Qd7 25. Rfd1 Qe7 26. Na2 b5 27. cxb5 Rxd1+ 28. Rxd1 cxb5 29. axb5 Bxb5 30. Qd2 Bc6
31. Qxa5 Bxe4 32. Rd8+ Kh7 33. Bd5 Bf5 34. Qa8 g5 35. Qb8 e4 36. Nb4 e3 37. fxe3 Qxe3+ 38. Kh1 Qe1+ 39. Kh2 Be5+ 40. Qxe5 Qxe5+
41. g3 Qb2+ 42. Kg1 Qxb4 43. Bxf7 Qb6+
0-1

[Event "Nothing out of the ordinary"]
[Site "SchemingMind.com"]
[Date "2006.05.06"]
[Round "-"]
[White "Scotty919"]
[Black "iain"]
[Result "0-1"]
[WhiteCountry "ENG"]
[BlackCountry "USA"]
[WhiteElo "1274"]
[WhiteRD "74"]
[BlackElo "1230"]
[BlackRD "76"]
[GameID "49702"]

1. c4 Nf6 2. Nc3 d6 3. e4 Nc6 4. Bd3 g6 5. Nf3 Bg7 6. b3 O-O 7. O-O e5 8. h3 Nh5 9. g3 Bxh3 10. Re1 Bh6
11. Bf1 Bg4 12. Be2 f5 13. d3 Bxc1 14. Qxc1 f4 15. Nd2 Bxe2 16. Rxe2 fxg3 17. fxg3 Nxg3 18. Rg2 Qh4 19. Rh2 Qg4 20. Qc2 Ne2+
21. Kh1 Ng3+ 22. Kg1 Nxe4+ 23. Kh1 Nf2+ 24. Rxf2 Rxf2 25. Nce4 Qh3+ 26. Kg1 Qg2#
0-1

[Event "Nothing out of the ordinary"]
[Site "SchemingMind.com"]
[Date "2006.05.06"]
[Round "-"]
[White "Dr_Pat"]
[Black "iain"]
[Result "1-0"]
[WhiteCountry "USA"]
[BlackCountry "USA"]
[WhiteElo "1409"]
[WhiteRD "54"]
[BlackElo "1230"]
[BlackRD "76"]
[GameID "49703"]

1. c4 Nf6 2. Nc3 d6 3. d4 g6 4. e4 Bg7 5. Nf3 O-O 6. Be2 c5 7. d5 e6 8. O-O exd5 9. exd5 Nbd7 10. Bf4 Nb6
11. h3 Nh5 12. Bh2 Nd7 13. Rb1 Re8 14. Bxd6 b6 15. Re1 Ne5 16. Bxe5 Nf6 17. Nb5 Bf5 18. Bd3 a6 19. Nc7 Rxe5 20. Nxe5 Bxd3
21. Qxd3 Qxc7 22. d6 Qb7 23. d7 Nxd7 24. Qxd7 Qxd7 25. Nxd7 b5 26. Nxc5 bxc4 27. Rec1 a5 28. Na4 Rc8 29. Nb6
1-0

[Event "Nothing out of the ordinary"]
[Site "SchemingMind.com"]
[Date "2006.05.06"]
[Round "-"]
[White "knightrider"]
[Black "iain"]
[Result "0-1"]
[WhiteCountry "USA"]
[BlackCountry "USA"]
[WhiteElo "1364"]
[WhiteRD "65"]
[BlackElo "1230"]
[BlackRD "76"]
[GameID "49704"]

1. c4 Nf6 2. Nc3 d6 3. d4 g6 4. e4 Bg7 5. g3 O-O 6. Bg2 c5 7. Nf3 cxd4 8. Nxd4 e5 9. Nf3 Bg4 10. h3 Bxf3
11. Bxf3 Nc6 12. O-O Nd4 13. b4 a6 14. Bg2 Qd7 15. Nd5 Nxd5 16. exd5 b5 17. c5 dxc5 18. bxc5 Rac8 19. Ba3 Rfe8 20. c6 Nxc6
21. dxc6 Qe6 22. g4 e4 23. Rc1 f5 24. Re1 Rxc6 25. f3 Rxc1 26. Qxc1 Qxa2 27. Bc5 Rc8 28. Rd1 Bb2 29. Qc2 Bd4+ 30. Rxd4 Qxc2
31. Ba3 exf3 32. Bxf3 fxg4 33. Bd6 gxf3 34. Rf4 Qd1+ 35. Kh2 Qe2+ 36. Kg3 Qg2+ 37. Kh4 g5+
0-1

[Event "Nothing out of the ordinary"]
[Site "SchemingMind.com"]
[Date "2006.05.06"]
[Round "-"]
[White "mart_r3000"]
[Black "iain"]
[Result "1-0"]
[WhiteCountry "ENG"]
[BlackCountry "USA"]
[WhiteElo "1260"]
[WhiteRD "61"]
[BlackElo "1230"]
[BlackRD "76"]
[GameID "49705"]

1. c4 Nf6 2. Nc3 d6 3. d4 g6 4. d5 Bg7 5. Nf3 O-O 6. e4 c6 7. Be3 cxd5 8. Ng5 dxe4 9. f3 Nc6 10. fxe4 Ng4
11. Bf4 e5 12. Qf3 Nd4 13. Qh3 Nc2+ 14. Kd2 Nxa1 15. Qxh7#
1-0